000 00337nam a2200133Ia 4500
008 240624s9999 xx 000 0 und d
041 _aeng
082 _a658.155 HUL
100 _aHULL JOHN C
245 _aRISK MANAGEMENT AND FINANCIAL INSTITUTIO
260 _c2007
_aCanada
_bPearson
300 _axvi, : 500p. ; 23cm.
365 _c
_b30
999 _c13853
_d13853